The Ultimate Showdown of Ultimate Destiny: Characters by Picture - Statistics

General Stats
  • This quiz has been taken 36 times
  • The average score is 29 of 32
Answer Stats
Picture Answer % Correct
Abraham Lincoln
100%
Batman
100%
Darth Vader
100%
Every Single Power Ranger
100%
Gandalf the Grey
100%
Gandalf the White
100%
Jackie Chan
100%
Optimus Prime
100%
RoboCop
100%
Spock
100%
Superman
100%
The Rock
100%
Godzilla
97%
Terminator
97%
Captain Kirk
94%
Care Bear
94%
Doc Ock
94%
Hulk Hogan
94%
Indiana Jones
94%
Shaquille O'Neal
94%
Benito Mussolini
91%
Black Knight
91%
Chuck Norris
85%
Mr. Rogers
85%
Blue Meanie
82%
Cowboy Curtis
79%
Theodore Logan
79%
Bill S. Preston
74%
Jambi the Genie
74%
Lo-Pan
74%
Aaron Carter
71%
Scruff McGruff
71%
No matching quizzes found
Score Distribution
Percent of People with Each Score
Percentile by Number Answered
Your Score History
You have not taken this quiz